Περιβαλλοντικές σπουδές στην Ελλάδα

Αποθηκεύτηκε σε:
Λεπτομέρειες βιβλιογραφικής εγγραφής
Κύριος συγγραφέας: Μαντζαρίδου, Χριστίνα
Συγγραφή απο Οργανισμό/Αρχή: Πανεπιστήμιο Αιγαίου. Σχολή Περιβάλλοντος. Τμήμα Περιβάλλοντος
Άλλοι συγγραφείς: Σιούτας, Νικόλαος
Μορφή: Thesis Βιβλίο
Γλώσσα:Greek
Δημοσίευση: 2016.
Ετικέτες: Προσθήκη ετικέτας
Δεν υπάρχουν, Καταχωρήστε ετικέτα πρώτοι!

MARC

LEADER 00000cam a2200000 a 4500
001 1/120773
008 200131s2016####gr | ||| |||| ||gre||
040 |a GR-MyUa  |b gre  |c GR-MyUa  |e AACR2 
041 0 |a gre 
082 7 |a 0000  |2 (23) 
100 1 |a Μαντζαρίδου, Χριστίνα. 
245 1 0 |a Περιβαλλοντικές σπουδές στην Ελλάδα /   |c Μαντζαρίδου Χριστίνα, Σιούτας Νικόλαος ; επιβλέπων καθηγητής: Τρούμπης Ανδρέας.  
260 |c 2016.  
300 |a 83 σ. :   |b πιν. ;   |c 29 εκ.  
502 |a Πτυχιακή εργασία - Πανεπιστήμιο Αιγαίου, Μυτιλήνη, 2016.  
504 |a Βιβλιογραφία: σ. 61-68.  
506 0 |a Ηλεκτρονική διάθεση στο πλήρες κείμενο - ελεύθερης πρόσβασης.  
540 |a Κλειδωμένη η δυνατότητα αντιγραφής (copy) από το ηλεκτρονικό κείμενο.  
700 1 |a Σιούτας, Νικόλαος. 
700 1 |a Τρούμπης, Ανδρέας,  |e dgs 
710 2 |a Πανεπιστήμιο Αιγαίου.   |b Σχολή Περιβάλλοντος.   |b Τμήμα Περιβάλλοντος. 
852 |a INST  |b LESVOS  |c DIATR  |e 20200131  |h 1718  |p 005100062724  |q 005100062724  |t DIE  |y 23 
920 |a Μαντζαρίδου  |b Χριστίνα  |y Λέσβος  |z 2016-06 
920 |a Σιούτας  |b Νικόλαος  |y Λέσβος  |z 2016-06 
970 |a Καμάτσου  |b Δέσποινα  |z 31-01-2020